000 00486nam a2200169Ia 4500
008 240729s9999 xx 000 0 und d
022 _a2447-0228
245 0 _aITEGAM-JETIA
260 _aBrazil
260 _bInstitute of Technology and Education Galileo da Amazônia
650 _a Science (General)
650 _a Technology (General) | Science
650 _aTechnology
856 _uhttps://doaj.org/toc/c4a288e321644a24be7f6712db059ae6
942 _2ddc
942 _cDOAJEJ
999 _c69852
_d69852
945 _a1
_bMadushi Gamage
_c1
_dMadushi Gamage